| 000 | 00517nam a2200181 a 4500 | ||
|---|---|---|---|
| 005 | 20140412111302.0 | ||
| 008 | 001109s19uu xx 00 eng d | ||
| 020 | _a971-529-019-1 | ||
| 050 |
_aFil E _bAs1 1999 |
||
| 100 | _aGatchalian, Elmer L. | ||
| 245 |
_aAson, Luming at Teresing / _ckuwento ni Elmer L. Gatchalian; guhit ni Mizi Aguilar - Reyes. |
||
| 260 |
_aManila : _bUNICEF, _c1999. |
||
| 300 | _a[27] p. ; ill. | ||
| 650 | _aShort stories | ||
| 650 | _aFolktales | ||
| 999 |
_c103434 _d103434 |
||